[Event "Oberliga Ost-A 1920"]
[Site "Germany"]
[Date "2020.01.19"]
[Round "7.8"]
[White "Hassemeier, Mika"]
[Black "Linnert, Niklas"]
[Result "1-0"]
[WhiteElo "2062"]
[BlackElo "2046"]
[PlyCount "61"]
[EventDate "2019.09.29"]
[EventType "team-tourn"]
[EventRounds "11"]
[EventCountry "GER"]
[SourceTitle "EXT 2021"]
[Source "ChessBase"]
[SourceDate "2020.10.23"]
[SourceVersion "1"]
[SourceVersionDate "2020.10.23"]
[SourceQuality "1"]
[WhiteTeam "Hoyerswerda"]
[BlackTeam "Plauen Koenig"]
[WhiteTeamCountry "GER"]
[BlackTeamCountry "GER"]

1. c4 Nf6 2. Nc3 g6 3. e4 d6 4. d4 Bg7 5. h3 0-0 6. Be3 c6 7. g4 e5 8. d5 Ne8 9. Qd2 f5 10. f3 c5 11. gxf5 gxf5 12. Bg5 Nf6 13. 0-0-0 f4 14. h4 h6 15. Bxf6 Bxf6 16. Bh3 Bxh3 17. Nxh3 Nd7 18. Rdg1+ Kf7 19. h5 Rg8 20. Rxg8 Qxg8 21. Rg1 Qh7 22. Nb5 Be7 23. Rg6 Nf6 24. Nxf4 Nxh5 25. Nxd6+ Bxd6 26. Rxd6 Nf6 27. Nd3 Re8 28. Nxe5+ Rxe5 29. Rxf6+ Kg7 30. Qf4 Re7 31. e5 1-0

[Event "Oberliga Ost-A 1920"]
[Site "Germany"]
[Date "2020.01.18"]
[Round "6.8"]
[White "Linnert, Niklas"]
[Black "Kunze, Christopher"]
[Result "1/2-1/2"]
[WhiteElo "2046"]
[BlackElo "2121"]
[PlyCount "90"]
[EventDate "2019.09.29"]
[EventType "team-tourn"]
[EventRounds "11"]
[EventCountry "GER"]
[SourceTitle "EXT 2021"]
[Source "ChessBase"]
[SourceDate "2020.10.23"]
[SourceVersion "1"]
[SourceVersionDate "2020.10.23"]
[SourceQuality "1"]
[WhiteTeam "Plauen Koenig"]
[BlackTeam "Dresden Gruen Weiss"]
[WhiteTeamCountry "GER"]
[BlackTeamCountry "GER"]

1. e4 c5 2. Nf3 Nc6 3. d3 g6 4. g3 Bg7 5. Bg2 e6 6. 0-0 Nge7 7. Nbd2 b6 8. Re1 d5 9. e5 Qc7 10. Qe2 Nf5 11. c3 h5 12. h4 Ba6 13. Nf1 Rd8 14. Bf4 0-0 15. N3h2 b5 16. a4 Nce7 17. axb5 Bxb5 18. Qd2 d4 19. c4 Bc6 20. b4 cxb4 21. Qxb4 Rb8 22. Qa3 Rb7 23. Bg5 Rfb8 24. Bxe7 Qxe7 25. Qxe7 Rxe7 26. Nd2 Bxg2 27. Kxg2 Rb2 28. Nhf3 Bh6 29. Ne4 Reb7 30. Nd6 R7b3 31. Nxf5 gxf5 32. Rad1 Be3 33. Rf1 a5 34. Kg1 a4 35. fxe3 dxe3 36. Rfe1 a3 37. c5 Rc3 38. Rxe3 a2 39. Ree1 Rxc5 40. Ra1 Rcc2 41. Red1 Kf8 42. Ne1 Re2 43. d4 Re3 44. Kf1 Rxg3 45. Nd3 Rf3+ 1/2-1/2

[Event "Oberliga Ost-A 1920"]
[Site "Germany"]
[Date "2019.11.17"]
[Round "3.7"]
[White "Groeger, Stefan"]
[Black "Linnert, Niklas"]
[Result "1/2-1/2"]
[WhiteElo "2110"]
[BlackElo "2046"]
[PlyCount "46"]
[EventDate "2019.09.29"]
[EventType "team-tourn"]
[EventRounds "11"]
[EventCountry "GER"]
[SourceTitle "EXT 2021"]
[Source "ChessBase"]
[SourceDate "2020.10.23"]
[SourceVersion "1"]
[SourceVersionDate "2020.10.23"]
[SourceQuality "1"]
[WhiteTeam "Halle USV"]
[BlackTeam "Plauen Koenig"]
[WhiteTeamCountry "GER"]
[BlackTeamCountry "GER"]

1. d4 Nf6 2. c4 g6 3. Nc3 d5 4. cxd5 Nxd5 5. e3 Bg7 6. Nxd5 Qxd5 7. Ne2 0-0 8. Nc3 Qa5 9. Bd2 c6 10. Be2 e5 11. dxe5 Qxe5 12. 0-0 Be6 13. f4 Qc7 14. e4 Qb6+ 15. Kh1 Qxb2 16. Rb1 Qa3 17. Qc2 f5 18. Rxb7 Nd7 19. e5 Rfb8 20. Rfb1 Nb6 21. Rxb8+ Rxb8 22. Be3 Nd7 23. Rxb8+ Nxb8 1/2-1/2

[Event "GER-chT U20"]
[Site "Osnabrueck"]
[Date "2018.12.29"]
[Round "6.3"]
[White "Kaiser, Frederic"]
[Black "Linnert, Niklas"]
[Result "0-1"]
[WhiteElo "1880"]
[BlackElo "1939"]
[PlyCount "62"]
[EventDate "2018.12.27"]
[EventType "team-swiss"]
[EventRounds "7"]
[EventCountry "GER"]
[SourceTitle "CBM 188 Extra"]
[Source "ChessBase"]
[SourceDate "2019.02.26"]
[SourceVersion "1"]
[SourceVersionDate "2019.02.26"]
[SourceQuality "1"]
[WhiteTeam "Bensheim"]
[BlackTeam "Plauen Koenig"]
[WhiteTeamCountry "GER"]
[BlackTeamCountry "GER"]

1. e4 c5 2. Nf3 e6 3. g3 Nc6 4. Bg2 d5 5. exd5 exd5 6. 0-0 Nf6 7. d4 Bg4 8. Re1+ Be7 9. dxc5 0-0 10. Bg5 Bxc5 11. Nc3 Qb6 12. Qd2 Ne4 13. Nxe4 dxe4 14. Rxe4 Qxb2 15. Rd1 Bf5 16. Re2 Bb4 17. c3 Qxc3 18. Qxc3 Bxc3 19. Rc1 Bb4 20. Nh4 Nd4 21. Re3 Bd2 22. Rd1 Bxe3 23. Bxe3 Ne2+ 24. Kf1 Nc3 25. Rd2 Be4 26. Bxe4 Nxe4 27. Rd7 b6 28. Nf5 Nf6 29. Rd2 Rfd8 30. Rc2 Nd5 31. Bc1 Rac8 0-1

[Event "GER-chT U20"]
[Site "Osnabrueck"]
[Date "2018.12.29"]
[Round "5.3"]
[White "Linnert, Niklas"]
[Black "Bosselmann, Tom Linus"]
[Result "1/2-1/2"]
[WhiteElo "1939"]
[BlackElo "2057"]
[PlyCount "98"]
[EventDate "2018.12.27"]
[EventType "team-swiss"]
[EventRounds "7"]
[EventCountry "GER"]
[SourceTitle "CBM 188 Extra"]
[Source "ChessBase"]
[SourceDate "2019.02.26"]
[SourceVersion "1"]
[SourceVersionDate "2019.02.26"]
[SourceQuality "1"]
[WhiteTeam "Plauen Koenig"]
[BlackTeam "Luebeck"]
[WhiteTeamCountry "GER"]
[BlackTeamCountry "GER"]

1. e4 c5 2. Nf3 d6 3. d4 cxd4 4. Nxd4 Nf6 5. Nc3 a6 6. Bg5 e6 7. f4 Be7 8. Qf3 Nbd7 9. 0-0-0 Qc7 10. g4 b5 11. h4 Bb7 12. Bxf6 Nxf6 13. g5 Nd7 14. Bh3 Nf8 15. h5 b4 16. Nce2 0-0-0 17. Rhg1 g6 18. h6 d5 19. exd5 Bxd5 20. Qe3 Kb8 21. Kb1 Bd6 22. Rgf1 Nd7 23. Nc1 Nb6 24. Nd3 Nc4 25. Qe2 Qb6 26. Ne5 Bxe5 27. fxe5 Rhf8 28. b3 Na3+ 29. Kb2 Bc4 30. Qe4 Bd5 31. Qe3 Rc8 32. Rf2 Rc3 33. Rd3 Rfc8 34. Bg2 Bxg2 35. Rxg2 Nb5 36. Rgd2 Rxd3 37. Qxd3 Nc3 38. Nf3 Nd5 39. Qd4 Qc6 40. Qd3 Qb7 41. Nd4 Rc3 42. Qf1 Rc7 43. Rd3 Qb6 44. Ne2 Ne3 45. Qf3 Nd5 46. c4 bxc3+ 47. Nxc3 Qc5 48. a3 a5 49. Qg3 Kc8 1/2-1/2

[Event "GER-chT U20"]
[Site "Osnabrueck"]
[Date "2018.12.28"]
[Round "4.3"]
[White "Korten, Lando"]
[Black "Linnert, Niklas"]
[Result "1/2-1/2"]
[WhiteElo "2100"]
[BlackElo "1939"]
[PlyCount "61"]
[EventDate "2018.12.27"]
[EventType "team-swiss"]
[EventRounds "7"]
[EventCountry "GER"]
[SourceTitle "CBM 188 Extra"]
[Source "ChessBase"]
[SourceDate "2019.02.26"]
[SourceVersion "1"]
[SourceVersionDate "2019.02.26"]
[SourceQuality "1"]
[WhiteTeam "Brackel"]
[BlackTeam "Plauen Koenig"]
[WhiteTeamCountry "GER"]
[BlackTeamCountry "GER"]

1. d4 Nf6 2. c4 g6 3. Nc3 d5 4. cxd5 Nxd5 5. e4 Nxc3 6. bxc3 Bg7 7. Qa4+ Bd7 8. Qa3 0-0 9. Bg5 Re8 10. Bc4 b5 11. Bb3 a5 12. Nf3 a4 13. Ne5 Bxe5 14. dxe5 Na6 15. Bc2 c5 16. 0-0 Qc7 17. f4 b4 18. Qc1 Qb6 19. f5 Nc7 20. Qf4 b3 21. axb3 c4+ 22. Kh1 axb3 23. Rxa8 Rxa8 24. e6 Nxe6 25. fxe6 Qxe6 26. Bb1 f6 27. Bh4 g5 28. Bxg5 fxg5 29. Qxg5+ Kh8 30. e5 Bc6 31. Qh4 1/2-1/2

[Event "GER-chT U20"]
[Site "Osnabrueck"]
[Date "2018.12.27"]
[Round "2.3"]
[White "Dechant, Georg"]
[Black "Linnert, Niklas"]
[Result "0-1"]
[WhiteElo "2104"]
[BlackElo "1939"]
[PlyCount "82"]
[EventDate "2018.12.27"]
[EventType "team-swiss"]
[EventRounds "7"]
[EventCountry "GER"]
[SourceTitle "CBM 188 Extra"]
[Source "ChessBase"]
[SourceDate "2019.02.26"]
[SourceVersion "1"]
[SourceVersionDate "2019.02.26"]
[SourceQuality "1"]
[WhiteTeam "Regensburg Bavaria"]
[BlackTeam "Plauen Koenig"]
[WhiteTeamCountry "GER"]
[BlackTeamCountry "GER"]

1. e4 c5 2. Nf3 d6 3. d4 cxd4 4. Nxd4 Nf6 5. Nc3 a6 6. f4 e5 7. Nf3 Nbd7 8. Qe2 Qc7 9. Qc4 Qxc4 10. Bxc4 b5 11. Bd5 Rb8 12. a3 Be7 13. Be3 Nxd5 14. Nxd5 Bb7 15. 0-0-0 Bxd5 16. exd5 e4 17. Nd4 Rc8 18. Nf5 g6 19. Bd4 gxf5 20. Bxh8 f6 21. g4 fxg4 22. Rhg1 Kf7 23. Rxg4 Rxh8 24. f5 Nc5 25. b4 Na4 26. Rd2 Bf8 27. Rh4 h5 28. Kd1 Bh6 29. Rg2 Nc3+ 30. Ke1 Bg5 31. Rh3 Nxd5 32. Rb3 h4 33. Rg4 Re8 34. Ke2 Nb6 35. Rc3 Nc4 36. Rg1 d5 37. Rd1 Rd8 38. Rd4 Ke7 39. Rh3 Kd6 40. Rd1 Ke5 41. Rf1 d4 0-1

[Event "BL2-Ost 1819"]
[Site "Germany"]
[Date "2018.12.16"]
[Round "4.8"]
[White "Linnert, Niklas"]
[Black "Myshkin, Nikita"]
[Result "0-1"]
[WhiteElo "1939"]
[BlackElo "2293"]
[PlyCount "92"]
[EventDate "2018.11.10"]
[EventType "team-tourn"]
[EventRounds "10"]
[EventCountry "GER"]
[SourceTitle "CBM 190 Extra"]
[Source "ChessBase"]
[SourceDate "2019.07.15"]
[SourceVersion "1"]
[SourceVersionDate "2019.07.15"]
[SourceQuality "1"]
[WhiteTeam "Plauen Koenig"]
[BlackTeam "Erfurt"]
[WhiteTeamCountry "GER"]
[BlackTeamCountry "GER"]

1. e4 e5 2. Nf3 Nc6 3. Bb5 Nf6 4. 0-0 Nxe4 5. Re1 Nd6 6. Bxc6 dxc6 7. Nxe5 Be7 8. d4 0-0 9. Bf4 a5 10. Nd2 Bf5 11. c3 f6 12. Nef3 Qd7 13. Nf1 a4 14. Ng3 Bg6 15. Nh4 Bf7 16. Bxd6 Bxd6 17. Nhf5 Bxg3 18. Nxg3 a3 19. b3 Ra5 20. Qf3 b6 21. Re3 Re8 22. Rae1 Rxe3 23. Qxe3 h5 24. Ne2 Ra8 25. Nf4 Re8 26. Qd2 Rxe1+ 27. Qxe1 Qf5 28. Ne2 Bxb3 29. Nc1 Bf7 30. h3 Qc2 31. Kh2 h4 32. Qe3 Kf8 33. c4 Qb2 34. c5 Bxa2 35. cxb6 cxb6 36. Nxa2 Qxa2 37. Qf4 Qd5 38. Qb8+ Kf7 39. Qxb6 a2 40. Qa7+ Kg6 41. Qa8 Kf5 42. Qa3 c5 43. Qa5 Ke6 44. f4 cxd4 45. f5+ Ke5 46. Qa4 Kxf5 0-1

[Event "BL2-Ost 1819"]
[Site "Germany"]
[Date "2018.12.14"]
[Round "8.8"]
[White "Linnert, Niklas"]
[Black "Ciolek, Andreas"]
[Result "0-1"]
[WhiteElo "2041"]
[BlackElo "2297"]
[PlyCount "60"]
[EventDate "2018.11.10"]
[EventType "team-tourn"]
[EventRounds "10"]
[EventCountry "GER"]
[SourceTitle "CBM 190 Extra"]
[Source "ChessBase"]
[SourceDate "2019.07.15"]
[SourceVersion "1"]
[SourceVersionDate "2019.07.15"]
[SourceQuality "1"]
[WhiteTeam "Plauen Koenig"]
[BlackTeam "Muenchen SC"]
[WhiteTeamCountry "GER"]
[BlackTeamCountry "GER"]

1. e4 c5 2. Nf3 d6 3. d4 cxd4 4. Nxd4 Nf6 5. Nc3 a6 6. Bg5 e6 7. f4 Be7 8. Qf3 Qc7 9. 0-0-0 Nbd7 10. g4 h6 11. Bxf6 Bxf6 12. h4 Qb6 13. Nde2 Be7 14. g5 Nc5 15. Nd4 Bd7 16. f5 hxg5 17. hxg5 Rxh1 18. Qxh1 Bxg5+ 19. Kb1 0-0-0 20. Qh5 Bf6 21. Bh3 Bxd4 22. Rxd4 Na4 23. Rc4+ Kb8 24. b3 Qg1+ 25. Nd1 b5 26. Rxa4 bxa4 27. Kc1 exf5 28. Qxf7 Qg5+ 29. Kb1 Qd2 30. Qh5 g6 0-1

[Event "Oberliga Ost-A 1718"]
[Site "Germany"]
[Date "2018.04.15"]
[Round "11.8"]
[White "Radke, Rocco Mario"]
[Black "Linnert, Niklas"]
[Result "1/2-1/2"]
[WhiteElo "2075"]
[BlackElo "1979"]
[PlyCount "56"]
[EventDate "2017.10.22"]
[EventType "team-tourn"]
[EventRounds "11"]
[EventCountry "GER"]
[SourceTitle "EXT 2019"]
[Source "ChessBase"]
[SourceDate "2018.10.10"]
[SourceVersion "1"]
[SourceVersionDate "2018.10.10"]
[SourceQuality "1"]
[WhiteTeam "Dresden Gruen Weiss"]
[BlackTeam "Plauen Koenig"]
[WhiteTeamCountry "GER"]
[BlackTeamCountry "GER"]

1. Nf3 Nf6 2. d4 g6 3. g3 Bg7 4. Bg2 0-0 5. 0-0 c5 6. c4 d6 7. Nc3 cxd4 8. Nxd4 Nbd7 9. b3 Rb8 10. Bb2 a6 11. Qd2 Nc5 12. h3 Bd7 13. Rfc1 Ne6 14. Nd5 Nxd4 15. Bxd4 Nxd5 16. Bxg7 Kxg7 17. cxd5 Qb6 18. Rc4 Rfc8 19. Rac1 Rxc4 20. Rxc4 Qd8 21. Rh4 h5 22. Bf3 e5 23. dxe6 Bxe6 24. Bxh5 gxh5 25. Rxh5 Qf6 26. Rg5+ Kh8 27. Rh5+ Kg7 28. Rg5+ Kh8 1/2-1/2

[Event "Oberliga Ost-A 1718"]
[Site "Germany"]
[Date "2018.04.14"]
[Round "10.8"]
[White "Linnert, Niklas"]
[Black "Richter, Philipp1111"]
[Result "1-0"]
[WhiteElo "1979"]
[BlackElo "1795"]
[PlyCount "141"]
[EventDate "2017.10.22"]
[EventType "team-tourn"]
[EventRounds "11"]
[EventCountry "GER"]
[SourceTitle "EXT 2019"]
[Source "ChessBase"]
[SourceDate "2018.10.10"]
[SourceVersion "1"]
[SourceVersionDate "2018.10.10"]
[SourceQuality "1"]
[WhiteTeam "Plauen Koenig"]
[BlackTeam "Dresden USV TU II"]
[WhiteTeamCountry "GER"]
[BlackTeamCountry "GER"]

1. Nf3 c5 2. e4 e6 3. d4 cxd4 4. Nxd4 a6 5. c4 Nf6 6. Nc3 Qc7 7. Bd3 Nc6 8. Be3 Ne5 9. Qe2 Nfg4 10. Nc2 Nxd3+ 11. Qxd3 Ne5 12. Qd4 Nxc4 13. Bc1 b5 14. b3 Ne5 15. Bb2 Nc6 16. Qd2 Bb7 17. 0-0 Be7 18. Rfd1 Rd8 19. Rac1 Qa5 20. a3 0-0 21. b4 Qb6 22. Qf4 f5 23. exf5 Rxf5 24. Qg3 Rg5 25. Qe3 Qxe3 26. Nxe3 d5 27. Ne2 Bf6 28. Bxf6 gxf6 29. f4 Rg7 30. Rc5 d4 31. Nf1 d3 32. Neg3 Nd4 33. Ne3 Rgd7 34. Kf2 Nc6 35. Ng4 Kf7 36. Ne4 Rd4 37. Nexf6 Rxf4+ 38. Ke3 Rf5 39. Ne4 Kg6 40. Rxd3 Rxd3+ 41. Kxd3 h5 42. Ne3 Ne5+ 43. Kd4 Nc6+ 44. Kc3 Rxc5+ 45. Nxc5 Bc8 46. Kd3 Kf6 47. Ke4 a5 48. bxa5 Nxa5 49. g4 Nb7 50. Nxb7 Bxb7+ 51. Kd4 hxg4 52. Nxg4+ Kf5 53. Ne5 Bg2 54. Nf7 Kf4 55. Kd3 e5 56. Ke2 Bd5 57. Nd6 e4 58. h4 e3 59. Ke1 Bc6 60. h5 Kg5 61. Ke2 Kxh5 62. Kxe3 Kg6 63. Kd4 Kf6 64. Kc5 Bf3 65. Nxb5 Ke7 66. a4 Kd7 67. Kb6 Kc8 68. a5 Kb8 69. a6 Bh1 70. a7+ Kc8 71. Nd6+ 1-0

[Event "GER-chT U20"]
[Site "Duesseldorf"]
[Date "2017.12.28"]
[Round "4.3"]
[White "Linnert, Niklas"]
[Black "Kunath, Tim"]
[Result "1-0"]
[WhiteElo "1979"]
[BlackElo "2006"]
[PlyCount "73"]
[EventDate "2017.12.27"]
[EventType "team-swiss"]
[EventRounds "7"]
[EventCountry "GER"]
[SourceTitle "CBM 182 Extra"]
[Source "ChessBase"]
[SourceDate "2018.02.23"]
[SourceVersion "1"]
[SourceVersionDate "2018.02.23"]
[SourceQuality "1"]
[WhiteTeam "Plauen Koenig U20"]
[BlackTeam "Coswig U20"]
[WhiteTeamCountry "GER"]
[BlackTeamCountry "GER"]

1. Nf3 Nf6 2. g3 g6 3. Bg2 Bg7 4. 0-0 d5 5. d4 0-0 6. c4 c6 7. Nc3 dxc4 8. e4 b5 9. Qc2 Bb7 10. Bg5 h6 11. Bf4 e6 12. Rad1 Na6 13. a3 Qb6 14. Qc1 Kh7 15. Bd6 Rfd8 16. e5 Ne8 17. Ne4 Nxd6 18. Nxd6 Qc7 19. Qf4 Kg8 20. h4 Rd7 21. Nh2 Rad8 22. Ng4 h5 23. Nh6+ Bxh6 24. Qxh6 Rxd6 25. exd6 Qxd6 26. Rfe1 Qf8 27. Qg5 Nc7 28. g4 hxg4 29. Qxg4 Qg7 30. h5 gxh5 31. Qh4 Rd5 32. Kh2 Rg5 33. Rg1 f6 34. f4 Rg4 35. Qxh5 Qh7 36. Qxh7+ Kxh7 37. Be4+ 1-0

[Event "Pardubice Czech op-B 28th"]
[Site "Pardubice"]
[Date "2017.07.26"]
[Round "6"]
[White "Linnert, Niklas"]
[Black "Yakimenko, Alexander A"]
[Result "1/2-1/2"]
[WhiteElo "1835"]
[BlackElo "2110"]
[PlyCount "84"]
[EventDate "2017.07.21"]
[EventType "swiss"]
[EventRounds "9"]
[EventCountry "CZE"]
[SourceTitle "CBM 179 Extra"]
[Source "ChessBase"]
[SourceDate "2017.08.23"]
[SourceVersion "1"]
[SourceVersionDate "2017.08.23"]
[SourceQuality "1"]

1. e4 e5 2. Nf3 Nc6 3. Bb5 a6 4. Ba4 d6 5. c3 g6 6. d4 Bd7 7. Bg5 Be7 8. Bxe7 Qxe7 9. Nbd2 Nf6 10. 0-0 0-0 11. d5 Nb8 12. Bxd7 Nbxd7 13. b4 Nh5 14. g3 Ng7 15. Ne1 f5 16. f3 f4 17. Nd3 fxg3 18. hxg3 Nh5 19. g4 Qg5 20. Rf2 Rf7 21. Qe2 a5 22. Rg2 Nf4 23. Nxf4 Qxf4 24. a4 Nb6 25. b5 Nd7 26. Rf2 Nc5 27. Ra3 Raf8 28. c4 b6 29. Kg2 h5 30. gxh5 gxh5 31. Kh1 Kh8 32. Rg2 Rg8 33. Rxg8+ Kxg8 34. Qh2 Rg7 35. Ra1 Qe3 36. Rf1 Nxa4 37. Qh3 Nc5 38. Qc8+ Kh7 39. Qf5+ Kh6 40. Qf6+ Kh7 41. Qf5+ Kg8 42. Qc8+ Kh7 1/2-1/2

[Event "GER-chT U16"]
[Site "Neumarkt in der Oberpfalz"]
[Date "2016.12.28"]
[Round "4.1"]
[White "Browning, Alex"]
[Black "Linnert, Niklas"]
[Result "1/2-1/2"]
[WhiteElo "1925"]
[BlackElo "1889"]
[PlyCount "94"]
[EventDate "2016.12.27"]
[EventType "team-swiss"]
[EventRounds "7"]
[EventCountry "GER"]
[SourceTitle "EXT 2018"]
[Source "ChessBase"]
[SourceDate "2017.10.13"]
[SourceVersion "1"]
[SourceVersionDate "2017.10.13"]
[SourceQuality "1"]
[WhiteTeam "Halver Schalksmuehle"]
[BlackTeam "Plauen Koenig"]
[WhiteTeamCountry "GER"]
[BlackTeamCountry "GER"]

1. e4 c5 2. Nf3 e6 3. c3 Nf6 4. e5 Nd5 5. d4 Nc6 6. a3 d6 7. Bd3 Be7 8. 0-0 a6 9. Qe2 Qc7 10. b4 cxd4 11. cxd4 b5 12. Ra2 Bb7 13. Rc2 Qb6 14. Nc3 Nxd4 15. Nxd4 Qxd4 16. Bxb5+ Kf8 17. Rd1 Qxe5 18. Nxd5 Qxe2 19. Bxe2 Bxd5 20. Rc7 Ke8 21. Bb2 Bd8 22. Rcc1 Ke7 23. Rxd5 exd5 24. Bf3 f6 25. Bd4 Rb8 26. Bxd5 Bb6 27. Bxb6 Rxb6 28. Rc7+ Kd8 29. Rxg7 Re8 30. h4 Re7 31. Rg8+ Kc7 32. Ra8 Re5 33. Ra7+ Kd8 34. Bf3 d5 35. Rxh7 d4 36. h5 Rbe6 37. Ra7 f5 38. Ra8+ Ke7 39. Ra7+ Kf8 40. Rd7 Re1+ 41. Kh2 Ra1 42. Rxd4 Rxa3 43. Rd5 Rf6 44. b5 axb5 45. Rxb5 Kg7 46. Rb8 Rh6 47. Rc8 Kf6 1/2-1/2

[Event "GER-chT U16"]
[Site "Neumarkt in der Oberpfalz"]
[Date "2016.12.28"]
[Round "3.1"]
[White "Linnert, Niklas"]
[Black "Schilay, Lorenz"]
[Result "1/2-1/2"]
[WhiteElo "1889"]
[BlackElo "1836"]
[PlyCount "89"]
[EventDate "2016.12.27"]
[EventType "team-swiss"]
[EventRounds "7"]
[EventCountry "GER"]
[SourceTitle "EXT 2018"]
[Source "ChessBase"]
[SourceDate "2017.10.13"]
[SourceVersion "1"]
[SourceVersionDate "2017.10.13"]
[SourceQuality "1"]
[WhiteTeam "Plauen Koenig"]
[BlackTeam "Neumarkt"]
[WhiteTeamCountry "GER"]
[BlackTeamCountry "GER"]

1. e4 e5 2. Nf3 Nc6 3. Bb5 a6 4. Ba4 d6 5. c3 Bg4 6. h3 Bh5 7. 0-0 Qf6 8. Bxc6+ bxc6 9. d3 Ne7 10. Bg5 Bxf3 11. Bxf6 Bxd1 12. Bxe7 Be2 13. Re1 Bh5 14. Bxf8 Rxf8 15. Nd2 Bg6 16. g4 h5 17. f3 Kd7 18. Kg2 Rfb8 19. b3 a5 20. Nc4 f6 21. Ne3 Bf7 22. Rg1 h4 23. g5 c5 24. Nf5 a4 25. Nxg7 fxg5 26. bxa4 Rxa4 27. Kf2 Rb2+ 28. Ke3 Raxa2 29. Rxa2 Rxa2 30. Rxg5 Rh2 31. Nf5 Rxh3 32. Rg7 Ke8 33. Rh7 Bg6 34. Rh8+ Kf7 35. Nxh4 Kg7 36. Nxg6 Rxh8 37. Nxh8 Kxh8 38. f4 exf4+ 39. Kxf4 Kg7 40. Kg5 Kf7 41. Kf5 Ke7 42. e5 Kf7 43. d4 cxd4 44. cxd4 dxe5 45. Kxe5 1/2-1/2

[Event "GER-chT U16"]
[Site "Neumarkt in der Oberpfalz"]
[Date "2016.12.27"]
[Round "1.1"]
[White "Linnert, Niklas"]
[Black "Grieb, Lukas"]
[Result "1-0"]
[WhiteElo "1889"]
[BlackElo "1785"]
[PlyCount "79"]
[EventDate "2016.12.27"]
[EventType "team-swiss"]
[EventRounds "7"]
[EventCountry "GER"]
[SourceTitle "EXT 2018"]
[Source "ChessBase"]
[SourceDate "2017.10.13"]
[SourceVersion "1"]
[SourceVersionDate "2017.10.13"]
[SourceQuality "1"]
[WhiteTeam "Plauen Koenig"]
[BlackTeam "Gau Algesheim"]
[WhiteTeamCountry "GER"]
[BlackTeamCountry "GER"]

1. e4 c5 2. Nc3 Nc6 3. Nge2 Nf6 4. d4 cxd4 5. Nxd4 e6 6. f3 Be7 7. Be3 0-0 8. Qd2 a6 9. 0-0-0 Qc7 10. g4 d6 11. h4 Rd8 12. h5 Nd7 13. g5 Nf8 14. g6 fxg6 15. hxg6 Nxg6 16. Qh2 Nf8 17. f4 Bf6 18. Nxc6 bxc6 19. e5 dxe5 20. Rxd8 Qxd8 21. fxe5 Bg5 22. Qg3 Bxe3+ 23. Qxe3 Bb7 24. Rg1 Qc7 25. Bc4 c5 26. Rd1 Rb8 27. Rd6 Bc8 28. Ne4 Qa5 29. Nxc5 Rb4 30. Bb3 Rb5 31. Nd3 Qc7 32. Qf4 Ng6 33. Qd4 Ne7 34. Rd8+ Kf7 35. Qf2+ Kg6 36. Nf4+ Kg5 37. Qg3+ Kf5 38. Rf8+ Ke4 39. Nd3 Rxb3 40. Qf3+ 1-0

[Event "GER-chT U14"]
[Site "Regensburg"]
[Date "2014.12.29"]
[Round "6.1"]
[White "Hofmann, Rares"]
[Black "Linnert, Niklas"]
[Result "1/2-1/2"]
[WhiteElo "1937"]
[BlackElo "1677"]
[PlyCount "115"]
[EventDate "2014.12.27"]
[EventType "team-swiss"]
[EventRounds "7"]
[EventCountry "GER"]
[SourceTitle "EXT 2016"]
[Source "ChessBase"]
[SourceDate "2015.10.08"]
[SourceVersion "1"]
[SourceVersionDate "2015.10.08"]
[SourceQuality "1"]
[WhiteTeam "Coswig TuS"]
[BlackTeam "Plauen Koenig"]
[WhiteTeamCountry "GER"]
[BlackTeamCountry "GER"]

1. e4 c5 2. Nf3 e6 3. d4 cxd4 4. Nxd4 Nf6 5. Nc3 Nc6 6. Nxc6 bxc6 7. Bd3 Be7 8. Qe2 d6 9. 0-0 0-0 10. Kh1 Qc7 11. f4 e5 12. f5 d5 13. g4 dxe4 14. Nxe4 Nxe4 15. Bxe4 Bb7 16. Qg2 Rab8 17. f6 Bxf6 18. Qh3 h5 19. Qxh5 g6 20. Qh3 Bg7 21. Qg2 c5 22. b3 Bxe4 23. Qxe4 Qb7 24. Qxb7 Rxb7 25. Ba3 Rc8 26. c4 e4 27. Rae1 Re7 28. Re2 Bd4 29. Rfe1 f5 30. Bb2 Rd8 31. Bc1 Rde8 32. Kg2 Kf7 33. Kg3 Kf6 34. g5+ Kf7 35. Bf4 Rd7 36. Rd2 Red8 37. Rde2 Ke6 38. Rc1 Be5 39. Rce1 Rd3+ 40. Re3 Rxe3+ 41. Rxe3 Bxf4+ 42. Kxf4 Rd2 43. Rh3 Rxa2 44. Rh6 Kf7 45. Rh7+ Kg8 46. Rc7 Rxh2 47. Rxc5 Rf2+ 48. Ke5 Rd2 49. Rc8+ Kf7 50. Rc7+ Kf8 51. Rxa7 Rd8 52. Ra2 Rb8 53. Rb2 e3 54. Kd4 f4 55. Ke4 Re8+ 56. Kf3 Re7 57. Re2 Rf7 58. Ra2 1/2-1/2

[Event "GER-chT U14"]
[Site "Regensburg"]
[Date "2014.12.28"]
[Round "3.2"]
[White "Balazs, Balint"]
[Black "Linnert, Niklas"]
[Result "1-0"]
[WhiteElo "1942"]
[BlackElo "1677"]
[PlyCount "203"]
[EventDate "2014.12.27"]
[EventType "team-swiss"]
[EventRounds "7"]
[EventCountry "GER"]
[SourceTitle "EXT 2016"]
[Source "ChessBase"]
[SourceDate "2015.10.08"]
[SourceVersion "1"]
[SourceVersionDate "2015.10.08"]
[SourceQuality "1"]
[WhiteTeam "Hagen"]
[BlackTeam "Plauen Koenig"]
[WhiteTeamCountry "GER"]
[BlackTeamCountry "GER"]

1. e4 c5 2. Nf3 e6 3. d4 cxd4 4. Nxd4 Nf6 5. Nc3 Bb4 6. Ndb5 Nxe4 7. Qd4 Nxc3 8. bxc3 Bf8 9. Qf4 Na6 10. Qg3 d5 11. Bf4 Bd7 12. Rb1 Bc6 13. Bd3 f6 14. Bd6 e5 15. Bxf8 Kxf8 16. 0-0 Nc7 17. Nxc7 Qxc7 18. c4 Rc8 19. cxd5 Bxd5 20. Bf5 Rd8 21. Rfd1 g6 22. Qa3+ Kg7 23. Bd3 a6 24. c4 Bc6 25. Be2 Rxd1+ 26. Rxd1 Rd8 27. Rxd8 Qxd8 28. h3 Kf7 29. Bg4 Qe7 30. Qb3 f5 31. Be2 Qe6 32. Qb6 Kf6 33. Qd8+ Qe7 34. Qh8+ Ke6 35. Qc8+ Qd7 36. Qg8+ Kd6 37. Qb8+ Qc7 38. c5+ Kd7 39. Qg8 Qa5 40. Qxh7+ Kc8 41. Qh8+ Kd7 42. Qg7+ Kc8 43. Qg8+ Kd7 44. Qf7+ Kc8 45. Qe6+ Kd8 46. Qd6+ Kc8 47. Bc4 Qc7 48. Qxg6 Bd7 49. Qg8+ Qd8 50. Qg7 e4 51. Qe5 Qc7 52. Qe7 Qd8 53. Qg7 Qe8 54. Qd4 f4 55. Bd5 e3 56. fxe3 fxe3 57. Qe4 Qh5 58. Bxb7+ Kc7 59. Bxa6 Qxc5 60. Qc4 Kd6 61. Qxc5+ Kxc5 62. Kf1 Kd4 63. Ke2 Bc6 64. g3 Bd7 65. g4 Ke4 66. Bd3+ Kf4 67. Bf5 Bc6 68. Ke1 Kg5 69. Ke2 Kf4 70. Ke1 Kg5 71. Be6 Kh4 72. Ke2 Be8 73. Kxe3 Kxh3 74. Kd4 Kg3 75. Kc5 Kf4 76. Kb4 Ke5 77. Bf5 Kd6 78. a4 Kc6 79. g5 Bf7 80. g6 Bg8 81. a5 Kb7 82. Bd7 Bd5 83. Be8 Be4 84. Bf7 Ka7 85. g7 Bh7 86. g8Q Bxg8 87. Bxg8 Ka6 88. Bc4+ Ka7 89. Kb5 Kb7 90. Bd5+ Ka7 91. a6 Kb8 92. Kb6 Kc8 93. a7 Kd7 94. a8Q Kd6 95. Qc6+ Ke5 96. Qe6+ Kd4 97. Qe4+ Kc3 98. Qe3+ Kc2 99. Kc5 Kb2 100. Qb3+ Kc1 101. Qa2 Kd1 102. Kd4 1-0